<The> Strange Death of Europe Immigration, Identity, Islam

Na minha lista:
Detalhes bibliográficos
Autor principal: Murray, Douglas
Formato: Livro
Idioma:inglês
Publicado em: London Bloomsbury 2017
Assuntos:
Tags: Adicionar Tag
Sem tags, seja o primeiro a adicionar uma tag!

MARC

LEADER 00000nam a2200000 4500
001 0251933
005 20240221113218.0
020 |a 978-1-4729-4224-1 
041 0 |a eng 
044 |a GB 
245 1 0 |a <The> Strange Death of Europe  |b Immigration, Identity, Islam  |c Douglas Murray 
264 1 |a London  |b Bloomsbury  |c 2017 
300 |a 343 s. 
610 2 0 |a imigrácia 
610 2 0 |a multikulturalizmus 
610 2 0 |a kríza 
610 2 0 |a identita 
610 2 0 |a problémy spoločenské 
610 2 0 |a konflikty etnické 
610 2 0 |a konflikty náboženské 
610 2 0 |a islam 
610 2 0 |a situácia politická 
610 2 0 |a politika vnútorná 
610 2 0 |a politika medzinárodná 
610 2 0 |a dôsledky sociálne 
610 2 0 |a Európa 
100 1 |a Murray, Douglas